Engineering thermodynamics (Record no. 4369)

000 -LEADER
fixed length control field 00584nam a22002177a 4500
001 - CONTROL NUMBER
control field 4369
003 - CONTROL NUMBER IDENTIFIER
control field BD-DhUET
008 - FIXED-LENGTH DATA ELEMENTS--GENERAL INFORMATION
fixed length control field 141115b xxu||||| |||| 00| 0 eng d
020 ## - INTERNATIONAL STANDARD BOOK NUMBER
International Standard Book Number 0582407265
040 ## - CATALOGING SOURCE
Original cataloging agency DLC
Language of cataloging DLC
Transcribing agency 0
Modifying agency BD-DhUET
082 ## - DEWEY DECIMAL CLASSIFICATION NUMBER
Item number ROG/1980
Classification number 621.01
100 ## - MAIN ENTRY--PERSONAL NAME
Personal name Rogers, G.F.C.
245 ## - TITLE STATEMENT
Title Engineering thermodynamics
Remainder of title work and heat transfer
250 ## - EDITION STATEMENT
Edition statement 3rd ed.
260 ## - PUBLICATION, DISTRIBUTION, ETC. (IMPRINT)
Place of publication, distribution, etc. Essex
Name of publisher, distributor, etc. English Language Books Society
Date of publication, distribution, etc. 1980
300 ## - PHYSICAL DESCRIPTION
Extent xvi,667p.
504 ## - BIBLIOGRAPHY, ETC. NOTE
Bibliography, etc Includes bibliographies
650 #0 - SUBJECT ADDED ENTRY--TOPICAL TERM
Topical term or geographic name as entry element Thermodynamics-Engineering
700 ## - ADDED ENTRY--PERSONAL NAME
Personal name Mayhew, Y. R.
942 ## - ADDED ENTRY ELEMENTS (KOHA)
Koha item type General Book
Holdings
Shelving location Withdrawn status Date acquired Lost status Koha date last borrowed Koha date last seen Koha item type Sublocation or collection (holding branch) Piece designation (barcode) Koha full call number Not for loan Koha normalized classification for sorting Koha issues (times borrowed) Location (home branch) Copy number Source of classification or shelving scheme Damaged status Price effective from
Circulation section 2014-11-15 2018-04-212018-09-15General BookCentral Library, BUET68584621.01/ROG/1980 621_010000000000000_ROG_19801Central Library, BUET1  2014-11-15
Circulation section 2014-11-29  2014-11-29General BookCentral Library, BUET67907621.01/ROG/1980 621_010000000000000_ROG_1980 Central Library, BUET2  2014-11-29
Circulation section 2015-01-21  2015-01-21General BookCentral Library, BUET67906621.01/ROG/1980 621_010000000000000_ROG_1980 Central Library, BUET3  2015-01-21
Circulation section 2015-04-18 2018-09-152018-10-14General BookCentral Library, BUET68583621.01/ROG/1980 621_010000000000000_ROG_19801Central Library, BUET4  2015-04-18
Circulation section 2015-04-18  2015-04-18General BookCentral Library, BUET67905621.01/ROG/1980 621_010000000000000_ROG_1980 Central Library, BUET5  2015-04-18